|
|
|
|
| LEADER |
01462nam a22003137a 4500 |
| 001 |
37012 |
| 003 |
BD-DhAAL |
| 005 |
20211111105657.0 |
| 008 |
200212t2018 xxka|||g |||1 ||eng d |
| 999 |
|
|
|c 41700
|d 41700
|
| 020 |
|
|
|a 9781788997454
|
| 040 |
|
|
|a BD-DhAAL
|
| 082 |
|
|
|a 005.133
|2 23
|
| 100 |
|
|
|a Karim, Md. Rezaul
|9 39239
|
| 245 |
|
|
|a Java deep learning projects :
|b implement 10 real-world deep learning applications using Deeplearning4j and open source APIs /
|c Md Rezaul Karim
|
| 260 |
|
|
|a Birmingham :
|b Packt Publishing,
|c c2018.
|
| 300 |
|
|
|a vi, 423 pages :
|b illustrations ;
|c 24 cm.
|
| 500 |
|
|
|a Includes index.
|
| 526 |
|
|
|a CSE
|
| 541 |
|
|
|a Book Finder International
|e 37012, 37013
|
| 650 |
|
|
|a Java (Computer program language).
|9 39241
|
| 650 |
|
|
|a Machine learning.
|9 39244
|
| 650 |
|
|
|a Application software
|x Development.
|9 39242
|
| 650 |
|
|
|a Application program interfaces
|x (Computer software).
|9 39243
|
| 650 |
|
|
|a Computer science.
|9 42526
|
| 852 |
|
|
|a Ayesha Abed Library
|c General Stacks
|
| 942 |
|
|
|2 ddc
|c BK
|
| 952 |
|
|
|0 0
|1 0
|2 ddc
|4 0
|6 005_133000000000000_KAR
|7 0
|9 67822
|a BRACUL
|b BRACUL
|c GEN
|d 2020-02-04
|e Book Finder International
|g 4095.00
|l 1
|m 8
|o 005.133 KAR
|p 3010037013
|r 2023-10-16
|s 2023-08-20
|t 2
|v 4095.00
|w 2020-02-04
|y BK
|
| 952 |
|
|
|0 0
|1 0
|2 ddc
|4 0
|6 005_133000000000000_KAR
|7 0
|9 67823
|a BRACUL
|b BRACUL
|c GEN
|d 2020-02-04
|e Book Finder International
|g 4095.00
|l 1
|m 18
|o 005.133 KAR
|p 3010037012
|r 2023-06-22
|s 2023-02-13
|t 1
|v 4095.00
|w 2020-02-04
|y BK
|